| 000 | 00377nam a2200121Ia 4500 | ||
|---|---|---|---|
| 008 | 220615s9999||||xx |||||||||||||| ||und|| | ||
| 245 | 0 |
_aWater Supply System Analysis _bSelected Topics |
|
| 546 | _aEnglish[eng] | ||
| 650 | _aHydraulic engineering | ||
| 700 | _aOstfeld, Avi | ||
| 856 | _uhttps://mts.intechopen.com/storage/books/2502/authors_book/authors_book.pdf | ||
| 942 | _cEB | ||
| 999 |
_c16608 _d16608 |
||